IEEE transactions on education

Αποθηκεύτηκε σε:
Λεπτομέρειες βιβλιογραφικής εγγραφής
Συγγραφή απο Οργανισμό/Αρχή: Institute of Electrical and Electronics Engineers
Μορφή: Περιοδική έκδοση
Γλώσσα:English
Δημοσίευση: New York, N.Y. : Institute of Electrical and Electronics Engineers 1958-
Θέματα:
Ετικέτες: Προσθήκη ετικέτας
Δεν υπάρχουν, Καταχωρήστε ετικέτα πρώτοι!

MARC

LEADER 00000cas a2200000 a 4500
001 1/121044
008 200304c1958####nyu|||||||||||| ||eng||
022 |a 0018-9359  
040 |a GR-MyUa   |b gre   |c GR-MyUa   |e AACR2  
041 0 |a eng 
082 7 |a 371.3   |2 (23)  
210 0 |a IEEE trans. ed.  
222 0 |a IEEE transactions on education  
245 0 0 |a IEEE transactions on education   |h [περιοδικό]   |c Professional Techinical Group on Education  
246 1 |a I.E.E.E transactions on education  
246 1 |a Transactions on education  
260 |a New York, N.Y. :   |b Institute of Electrical and Electronics Engineers   |c 1958-  
300 |a  τ. :   |b εικ., πιν., διαγρ. ;   |c 29 εκ. 
310 |a Τριμηνιαίο,   |b 1958-  
500 |a Η βιβλιοθήκη του παραρτήματος Ρόδου διαθέτει στο αρχείο της τεύχη του περιοδικού από το 2004 -2011 η συλλογή είναι ελλιπής. Το περιοδικό αποτελεί έκδοση του οργανισμού IEE Education Society και από το 1958-1963 εκδίδεται με τον εξής τίτλο: IRE Transactions on Education (ISSN 0893-7141). Το περιοδικό διατίθεται ηλεκτρονικά και στο διαδίκτυο. 
650 0 |a Education  |x Curricula  |x Study and teaching. 
650 0 |a Technical education. 
710 2 |a Institute of Electrical and Electronics Engineers. 
853 |a INST  |b RHODES  |c SER  |h 371.3 
920 |a Φεσσάκης   |b Γέωργιος   |y Ρόδος  |z 2019-10 
922 |a 4ΕΛΗ  |b 2019-10 
970 |a Σιδερή   |b Νεκταρία   |z 04/03/2020